000 00220nam a22000977a 4500
003 SGT
245 _aINDIAN JOURNAL OF PEDIATRICS DERMATOLOGY
260 _aINIDIA
_bWOLTERS KLUWER
_c2018
300 _a388
942 _2ddc
_cBV
999 _c24404
_d24404